Introduction to tropical soil science / (Record no. 805)

MARC details
000 -LEADER
fixed length control field 00365nam a2200145Ia 4500
020 ## - INTERNATIONAL STANDARD BOOK NUMBER
ISBN 0333360168
050 ## - CALL NUMBER
Classification number S591
100 1# - AUTHOR
Personal name O'Laitan, S.O.
245 10 - TITLE
Title Introduction to tropical soil science /
Statement of responsibility, etc S.O. Olatan, G. Lombin.
260 ## - PUBLICATION INFORMATION
Place of publication London :
Name of publisher Macmillan,
Year of publication 1984.
300 ## - DESCRIPTION
Number of Pages ix, 126 p. :
Other physical details ill.
650 #0 - SUBJECTS
Topical Term Soil science
700 1# - OTHER AUTHORS
Personal name Lombin, G.
942 ## - ADDED ENTRY ELEMENTS (KOHA)
Koha item type Books
Holdings
Withdrawn status Lost status Home library Current library Date acquired Full call number Accession Number Koha item type
    Methodist University Library Wenchi Faculty Methodist University Library Wenchi Faculty 13/11/2017 S591 28954 Books
Copyright © 2026  MUG Library